Innovación y crisis : trayectorias y respuestas de empresas y sectores /

Guardado en:
Otros Autores: Micheli T., Jordy., Jasso Villazul, Javier
Formato: Libro
Idioma:Spanish
Publicado: México : Universidad Autónoma Metropolitana, Unidad Azcapotzalco : Miguel Ángel Porrúa, c2012.
Edición:1a. ed.
Series:Serie Las ciencias sociales.
Materias:
Etiquetas: Agregar Etiqueta
Sin Etiquetas, Sea el primero en etiquetar este registro!
LEADER 01181nam a22002535a 4500
001 EAD.ead003404
008 130418s2012####mx#a#####b####000#0#spa#d
005 20241205163524.0
245 0 0 |a Innovación y crisis :  |b trayectorias y respuestas de empresas y sectores /  |c Jordy Micheli ... [et al.], coordinadores. 
250 |a 1a. ed. 
260 |a México :  |b Universidad Autónoma Metropolitana, Unidad Azcapotzalco :  |b Miguel Ángel Porrúa,  |c c2012. 
300 |a [408] p. :  |b il. ;  |c 23 cm. 
490 1 |a Serie Las ciencias sociales 
500 |a Incluye el trabajo "Innovación y crisis global en el siglo XXI", Jordy Micheli, Enrique Medellin, Javier Jasso y Antonio Hidalgo. 
504 |a Incluye referencias bibliográficas. 
020 |a 9786074015430 
700 1 |a Micheli T., Jordy. 
700 1 |a Jasso Villazul, Javier  |t Innovación y crisis global en el siglo XXI. 
830 0 |a Serie Las ciencias sociales. 
082 0 4 |a 658.406  |2 21 
650 7 |a Innovaciones tecnológicas.  |2 unbist 
650 7 |a Estudios de casos.  |2 unbist 
859 |a AR-BaBDC  |b BIB. ADMINISTRACION - Libros  |h 658.406  |i J314-3  |p b06526 
859 |a AR-BaBDC  |b BIB. ADMINISTRACION - Libros  |h 658.406  |i J314-3  |p b06527  |t Ej.2